<?xml version="1.0" encoding="UTF-8"?>
<collection xmlns="http://www.loc.gov/MARC21/slim">
 <record>
  <leader>04116nam a22003015a 4500</leader>
  <controlfield tag="001">EUN.eunm005989</controlfield>
  <controlfield tag="008">041125s1993####ag#a#####bm###000#0#spa#d</controlfield>
  <controlfield tag="005">20240201133022.0</controlfield>
  <datafield tag="245" ind1="1" ind2="0">
   <subfield code="a">Estratigrafía y paleoambientes del Cuaternario en base a palinomorfos, en la cuenca del arroyo Napostá Grande, provincia de Buenos Aires /</subfield>
   <subfield code="c">Silvia Cristina Grill ; directora: Mirta Elena Quattrocchio.</subfield>
  </datafield>
  <datafield tag="260" ind1=" " ind2=" ">
   <subfield code="c">1993.</subfield>
  </datafield>
  <datafield tag="300" ind1=" " ind2=" ">
   <subfield code="a">137 h. :</subfield>
   <subfield code="b">il. col. ;</subfield>
   <subfield code="c">30 cm.</subfield>
  </datafield>
  <datafield tag="500" ind1=" " ind2=" ">
   <subfield code="a">&quot;Tesis Doctoral presentada en el Departamento de Geología de la Universidad Nacional de Sur, Bahía Blanca&quot;.</subfield>
  </datafield>
  <datafield tag="502" ind1=" " ind2=" ">
   <subfield code="a">Tesis(doctoral)--Universidad Nacional del Sur. Departamento de Geología, 1993.</subfield>
  </datafield>
  <datafield tag="504" ind1=" " ind2=" ">
   <subfield code="a">Incluye referencias bibliográficas.</subfield>
  </datafield>
  <datafield tag="520" ind1=" " ind2=" ">
   <subfield code="a">Se analizan palinológicamente tres perfiles en las cuencas media superior, media e inferior del arroyo Napostá Grande, ubicados a 38° 21' S, 62° 20' W; 38° 32' 02&quot; S, 63° 03' 34&quot; W y 38° 46' S, 62° 14' W, respectivamente y un perfil en el sitio paleoicnológico Monte Hermoso I,ubicado a 38° 57' 47&quot; S, 61° 22'48&quot; W, en el sudoeste de la provincia de Buenos Aires. Los mismos poseen 6 fechados radiocarbónicos, lo cual facilitó la correlación entre ellos. Las comunidades vegetales inferidas a partir del registro polínico de cada perfil fósil, permitieron determinar unas quince zonas polínicas y cuatro subzonas (una de ellas de intervalo), en los cuatro perfiles estudiados. El análisis conjunto de las facies sedimentarias identificadas de cada perfil y las comunidades vegetales obtenidas a partir del análisis polínico, permitieron reconstruir los paleoambientes existentes al momento de deposición de los sedimentos. El análisis se complementó con el registro de vertebrados y ostrácodos, ewstudiados por otros autores de los mismos perfiles palinológicos. El análisis del paleomicroplancton marino (dinofla- gelados y acritarcas) realizado en el perfil ubicado en la cuenca inferior del arroyo Napostá Grande, permitió inferir el ascenso relativo del nivel del mar y correlacionarlo con el mejoramiento climático &quot;Hypsither mal&quot;. Se correlacionaron los eventos de ascenso y descenso de nivel del mar en la zona costera, con los depósitos simultáneos originados en el valle del arroyo Napostá Grande y en el río Sauce Grande y arroyo Sauce Chico, ambos ubicados al sudoeste de la provincia de Buenos Aires. La ubicación en el tiempo de las Zonas Polínicas definidas, el reconocimiento de las facies asociadas y la correlación estratigráfica (principalmente en base a dataciones) entre los distintos perfiles, permitieron elaborar una carta cronoestratigráficxa para la transecta: Perfil Nº 1, Perfil Nº 2, Perfil Nº 3 y Sitio paleoicnológico Monte Hermoso I. Sobre la misma se ubicaron las comunidades vegetales reconocidas, estableciéndose una cronosecuencia de las variaciones (tiempo-espacio) de dichas comunidades en el Pleistoceno tardío - Holoceno. Se efectuaron correlaciones basadas en las asociaciones polínicas registradas en cada perfil y en las dataciones radiocarbónicas, con perfiles polínicos estudiados en arroyos y ríos del sudoeste y noroeste de la provincia de Buenos Aires, por otros autores. Se realizaron comparaciones paleoambientales y paleoclimáticas entre los perfiles palinológicos estudia-dos en esta Tesis y otros de la provincia de Buenos Aires (áreas extraglaciarias) y perfiles ubicados al sur de Argentina y Chile (áreas glaciarias). Calificación de la defensa oral: Sobresaliente. 10(diez) - Fecha: 17/6/1994</subfield>
  </datafield>
  <datafield tag="100" ind1="1" ind2=" ">
   <subfield code="a">Grill, Silvia C.</subfield>
   <subfield code="q">(Silvia Cristina)</subfield>
   <subfield code="4">dis</subfield>
  </datafield>
  <datafield tag="700" ind1="1" ind2=" ">
   <subfield code="a">Quattrocchio, Mirta Elena,</subfield>
   <subfield code="d">1950-</subfield>
   <subfield code="4">ths</subfield>
  </datafield>
  <datafield tag="082" ind1="0" ind2="4">
   <subfield code="a">040</subfield>
   <subfield code="2">15</subfield>
  </datafield>
  <datafield tag="082" ind1="0" ind2="4">
   <subfield code="a">560.178</subfield>
   <subfield code="2">19</subfield>
  </datafield>
  <datafield tag="082" ind1="0" ind2="4">
   <subfield code="a">561.13</subfield>
   <subfield code="2">15</subfield>
  </datafield>
  <datafield tag="650" ind1=" " ind2="7">
   <subfield code="a">Geología.</subfield>
   <subfield code="2">unbist</subfield>
  </datafield>
  <datafield tag="650" ind1=" " ind2="7">
   <subfield code="a">Estratigrafía.</subfield>
   <subfield code="2">unbist</subfield>
  </datafield>
  <datafield tag="651" ind1=" " ind2="7">
   <subfield code="a">Bahía Blanca (Argentina)</subfield>
  </datafield>
  <datafield tag="653" ind1=" " ind2=" ">
   <subfield code="a">Palinología</subfield>
  </datafield>
  <datafield tag="653" ind1=" " ind2=" ">
   <subfield code="a">Cuaternario</subfield>
  </datafield>
  <datafield tag="653" ind1=" " ind2=" ">
   <subfield code="a">Arroyo Napostá Grande (Buenos Aires, Argentina)</subfield>
  </datafield>
  <datafield tag="859" ind1=" " ind2=" ">
   <subfield code="a">AR-BaUNS</subfield>
   <subfield code="b">BIB. CENTRAL - Tesis</subfield>
   <subfield code="h">040</subfield>
   <subfield code="i">B148 1994-261</subfield>
   <subfield code="k">R</subfield>
   <subfield code="p">103972/994</subfield>
  </datafield>
  <datafield tag="859" ind1=" " ind2=" ">
   <subfield code="a">AR-BaUNS</subfield>
   <subfield code="b">BIB. CENTRAL - Sector A - Tesis</subfield>
   <subfield code="h">040</subfield>
   <subfield code="i">B148 1994-261</subfield>
   <subfield code="p">103973/994</subfield>
  </datafield>
 </record>
</collection>
